000 00869nam a2200193Ia 4500
008 151121s9999||||xx |||||||||||||| ||und||
082 _a789।1 / मिस्त्री
082 _bHNW-77177
100 _aमिस्त्री आ।ए।
245 _aपखावज और तबला के घरान्ंाट एवं परम्परायें
260 _b"स्वर साधना समिति, बम्बई।"
260 _c--
300 _a219
600 _aमिस्त्री आ।ए।
630 _aपखावज और तबला के घरान्ंाट एवं परम्परायें
700 _aमिस्त्री आ।ए।
730 _aपखावज और तबला के घरान्ंाट एवं परम्परायें
942 _cBOOK
999 _c1258596
_d1258593